01721nam a2200337 a 4500001001200000003000800012006001900020007001500039008004100054010001700095020003100112020001800143020002700161040002100188035002100209050002400230082002400254100001700278245013800295260003500433300002300468490008600491504005100577505028900628533015200917650006101069655002901130710001701159830008101176856012601257ebr10600621CaPaEBRm u cr cn|||||||||101019s2011 nyua sb 001 0 eng d z 2010044926 z9783034302371 (alk. paper) z9783034302371 z9783035301328 (e-book) aCaPaEBRcCaPaEBR a(OCoLC)81291516614aML3800b.T94 2011eb04a781/.10943090332221 aTudor, J. M.10aSound and senseh[electronic resource] :bmusic and musical metaphor in the thought and writing of Goethe and his age /cJ. M. Tudor. aNew York :bPeter Lang,c2011. axv, 511 p. :bill.1 aBritish and Irish studies in German language and literature,x0171-6662 ;vBd. 46 aIncludes bibliographical references and index.0 apt. 1. Traditional conceptions of music -- pt. 2. Conceptions of the structure of music and their influence on musical metaphor -- pt. 3. Conceptions of music and language : renewed metaphorical potential from interactive domains -- pt. 4. The synthesis of these conceptions of music. aElectronic reproduction.bPalo Alto, Calif. :cebrary,d2011.nAvailable via World Wide Web.nAccess may be limited to ebrary affiliated libraries. 0aMusicxPhilosophy and aestheticsxHistoryy18th century. 7aElectronic books.2local2 aebrary, Inc. 0aBritische und Irische Studien zur deutschen Sprache und Literatur ;vno. 46.40uhttp://site.ebrary.com/lib/rucke/Doc?id=10600621zAn electronic book accessible through the World Wide Web; click to view